| 000 | 00933cab a2200301 4500 | ||
|---|---|---|---|
| 001 | WB2920-21 | ||
| 008 | 090401t1993 xxu||||| |||| 00| 0 eng d | ||
| 035 | _a(Sirsi) u38117 | ||
| 041 | _aeng | ||
| 100 | _aBaum, Andrew | ||
| 245 | _aEquivalent yield | ||
| 260 | _c1993 | ||
| 350 | _a0 | ||
| 490 |
_aCSW - The Property Week _v43(9) 27 May 1993, 70(1) |
||
| 520 | _aFalling market conditions complicate the concept of an equivalent yield as it is usually defined as being dependent on a growth in rental value. | ||
| 650 | _aEQUIVALENT YIELD | ||
| 650 | _aESTIMATED RENTAL VALUE | ||
| 650 | _aFALLING MARKET | ||
| 650 | _aINITIAL YIELD | ||
| 650 | _aOVER-RENTING | ||
| 650 | _aRENTAL GROWTH | ||
| 650 | _aREVERSION | ||
| 650 | _aVALUATION METHODS | ||
| 690 | _aPROPERTY-COMMERCIAL PROPERTY-COMMERCIAL PROPERTY FINANCE AND INVESTMENT | ||
| 690 | _aFINANCE AND INVESTMENT | ||
| 942 | _n0 | ||
| 948 | _c04/03/1997 | ||
| 999 |
_c24495 _d24495 |
||